| 000 | 00741nam a2200265Ia 4500 | ||
|---|---|---|---|
| 003 | OSt | ||
| 005 | 20220912151544.0 | ||
| 006 | a|||||r|||| 00| 0 | ||
| 007 | ta | ||
| 008 | 220909b |||||||| |||| 00| 0 eng d | ||
| 024 | _a23784 | ||
| 037 | _cTextual | ||
| 040 |
_aCSL _beng _cCSL |
||
| 041 | _aeng | ||
| 082 | _aB43N63, L4 | ||
| 100 | _aSchaefer Helmut H | ||
| 245 | 0 | _aBanach lattices and positve operators | |
| 260 |
_aBerlin _bSpringer-Verlag _c1974 |
||
| 300 |
_a376p. _ccm. |
||
| 490 | _aDie grundlehren der mathematischen wissenschaften; 215 | ||
| 650 | _a Linear operators | ||
| 650 | _aLinear topological spaces | ||
| 942 |
_hB43N63, L4 _cTEXL _2CC |
||
| 999 |
_c71206 _d71206 |
||